| 000 | 01218pam a2200373 a 4500 | ||
|---|---|---|---|
| 001 | sjds180001 | ||
| 003 | sjds | ||
| 005 | 20200211132143.0 | ||
| 008 | 180406t20062006mnua j 000 0 spa | ||
| 010 | _a 2005016258 | ||
| 020 | _a9780822531661 | ||
| 020 | _a0822531666 | ||
| 040 | _csjds | ||
| 041 | 1 |
_aspa _heng |
|
| 099 | _aCHILDREN ESPANOL 362.29 MURPHY | ||
| 100 | 1 |
_aMurphy, Patricia J., _d1963- _eauthor. |
|
| 240 | 1 | 0 |
_aAvoiding drugs. _lSpanish |
| 245 | 1 | 0 |
_aEvitar las drogas / _cpor Patricia J. Murphy. |
| 260 |
_aNew York : _bLerner Publishing Group. _cc2006. |
||
| 264 | 1 | _a | |
| 300 |
_a32 pages : _bcolor illustrations ; _c19 cm. |
||
| 336 |
_atext _btxt _2rdacontent |
||
| 337 |
_aunmediated _bn _2rdamedia |
||
| 338 |
_avolume _bnc _2rdacarrier |
||
| 490 | 1 | _aLibros para avanzar | |
| 500 | _a"Traduccion al espanol por Julia Cisneros Fitzpatrick y Barbara L. Aguirre." | ||
| 526 | 0 |
_aAccelerated Reader _bLG _c3.5 _d0.5 _z101349SP |
|
| 650 | 0 |
_aDrugs _vJuvenile literature. |
|
| 650 | 0 |
_aDrug abuse _vJuvenile literature. |
|
| 650 | 7 |
_aDrogas _vLiteratura juvenil. _2bidex |
|
| 650 | 7 |
_aAbuso de drogas _vLiteratura juvenil. _2bidex |
|
| 830 | 0 | _aLibros para avanzar. | |
| 942 |
_cBK _2ddc |
||
| 999 |
_c19592 _d19592 |
||